000 00744nam a2200241Ia 4500
005 20220316235942.0
008 141017s2001 sp grd 000 0 spa
020 _a8423968146 (obra completa)
041 0 _aspa
082 0 4 _aR 463
_bR21d
110 2 _aReal Academia Española
_97263
245 1 0 _aDiccionario de la lengua española
_cReal Academia Española
250 _aVigésima segunda edición
300 _a2 volúmenes
_c19 cm
505 0 _av.1 A-G. -- v.2 H-Z
650 1 4 _aEspañol
_vDiccionarios
_2LEMB
942 _2ddc
_cREF
264 _aMadrid
_bEspasa
_c2001
336 _atexto
_btxt
_2rdacontent
337 _asin mediación
_bn
_2rdamedia
338 _avolumen
_bnc
_2rdacarrier
040 _aCO-BoRNBP
_bspa
_erda
_cCO-BoRNBP
999 _c2709
_d2709